[Event "Sterling Cherry Blossom op 12th"]
[Site "Sterling"]
[Date "2025.05.26"]
[Round "9"]
[White "Su, Kevin"]
[Black "Liu, Steven1"]
[Result "1/2-1/2"]
[WhiteElo "1995"]
[BlackElo "1900"]
[PlyCount "29"]
[EventDate "2025.05.22"]
[EventType "swiss"]
[EventRounds "9"]
[EventCountry "USA"]
[SourceTitle "CB22_2025"]
[SourceDate "2025.05.28"]
[SourceVersion "1"]
[SourceVersionDate "2025.05.28"]
[SourceQuality "1"]

1. d4 Nf6 2. Nc3 d5 3. Bf4 e6 4. Nb5 Na6 5. e3 Be7 6. Nf3 0-0 7. h4 c6 8. Nc3 Qa5 9. Bd3 Bb4 10. 0-0 Bxc3 11. bxc3 Qxc3 12. Be5 Nb4 13. Ng5 Nxd3 14. Bxf6 gxf6 15. Qh5 1/2-1/2

[Event "Dulles Skyline op-A"]
[Site "Dulles"]
[Date "2022.10.08"]
[Round "2"]
[White "Ivanov, Mike"]
[Black "Su, Kevin"]
[Result "1/2-1/2"]
[WhiteElo "2337"]
[BlackElo "1853"]
[PlyCount "97"]
[EventDate "2022.10.08"]
[EventType "swiss"]
[EventRounds "6"]
[EventCountry "USA"]
[SourceTitle "CBM 210 Extra"]
[Source "ChessBase"]
[SourceDate "2022.11.30"]
[SourceVersion "1"]
[SourceVersionDate "2022.11.30"]
[SourceQuality "1"]

1. e4 c5 2. Nf3 e6 3. b3 Nc6 4. Bb2 a6 5. c4 Qc7 6. g3 Nf6 7. e5 Ng4 8. Bg2 Ngxe5 9. Nxe5 Nxe5 10. 0-0 Nc6 11. Re1 Nd4 12. Nc3 Be7 13. Qg4 Bf6 14. Nd5 Qd8 15. Qf4 0-0 16. Nxf6+ Qxf6 17. Qd6 Nf3+ 18. Bxf3 Qxf3 19. Qxc5 b6 20. Qd4 f6 21. Qe4 Qxe4 22. Rxe4 Bb7 23. Re3 Rfe8 24. a4 d5 25. a5 bxa5 26. c5 e5 27. d4 exd4 28. Bxd4 Re4 29. Rxe4 dxe4 30. Rxa5 Rd8 31. Ra4 Bd5 32. Rxa6 Bxb3 33. Rd6 Rxd6 34. cxd6 Kf7 35. Kf1 Ke6 36. Bc5 Ba4 37. Ke2 Kf5 38. Ke3 Bc6 39. Kd4 Kg4 40. Ba7 Kf3 41. Kc5 Be8 42. Kb4 g5 43. Ka5 f5 44. Bd4 f4 45. gxf4 gxf4 46. Kb6 e3 47. fxe3 fxe3 48. h4 Kg4 49. Bxe3 1/2-1/2

[Event "Dulles Colonial op 3rd"]
[Site "Dulles"]
[Date "2022.04.14"]
[Round "2"]
[White "Spence, Isaac Charles"]
[Black "Su, Kevin"]
[Result "0-1"]
[WhiteElo "1918"]
[BlackElo "1980"]
[PlyCount "100"]
[EventDate "2022.04.13"]
[EventType "swiss"]
[EventRounds "9"]
[EventCountry "USA"]
[SourceTitle "CBM 207 Extra"]
[Source "ChessBase"]
[SourceDate "2022.05.31"]
[SourceVersion "1"]
[SourceVersionDate "2022.05.31"]
[SourceQuality "1"]

1. e4 c5 2. Nf3 e6 3. Nc3 Nc6 4. d4 cxd4 5. Nxd4 Qc7 6. Be3 a6 7. Qf3 Nf6 8. 0-0-0 Ne5 9. Qg3 b5 10. f4 Neg4 11. Bg1 b4 12. Na4 h5 13. e5 Ne4 14. Qe1 Bb7 15. h3 Nh6 16. Bd3 Nc5 17. Nxc5 Bxc5 18. Nb3 Be7 19. Qe2 g6 20. Bh2 Nf5 21. Rd2 d5 22. exd6 Bxd6 23. Rf1 a5 24. Bb5+ Kf8 25. g4 hxg4 26. hxg4 Ne7 27. Nd4 Bd5 28. Kb1 a4 29. Qe3 g5 30. Nxe6+ Bxe6 31. Qxe6 fxe6 32. fxg5+ Kg8 33. Bxd6 Qb7 34. Bc4 Rh1 35. Bxe6+ Kh7 36. Rdd1 Rxf1 37. Rxf1 Rf8 38. Rc1 Rf2 39. Bc4 Ng6 40. Bd3 Kg7 41. a3 bxa3 42. Bxa3 Nf4 43. Bf5 Ne2 44. Re1 Nc3+ 45. Ka1 Re2 46. Rc1 Nb5 47. Bb4 Qd5 48. c4 Qd4 49. Rb1 a3 50. cxb5 Qxb4 0-1

[Event "PNWCC Online Blitz JP 24"]
[Site "Chess.com INT"]
[Date "2021.06.13"]
[Round "1"]
[White "Ozen, Bahadir"]
[Black "Su, Kevin"]
[Result "1/2-1/2"]
[WhiteElo "2369"]
[BlackElo "1776"]
[PlyCount "142"]
[EventDate "2021.06.13"]
[EventType "swiss (blitz)"]
[EventRounds "12"]
[EventCountry "USA"]
[SourceTitle "CBM 202 Extra"]
[Source "ChessBase"]
[SourceDate "2021.07.31"]
[SourceVersion "1"]
[SourceVersionDate "2021.07.31"]
[SourceQuality "1"]

1. c4 c6 2. Qa4 e6 3. Nf3 d5 4. g3 Nf6 5. Bg2 Be7 6. 0-0 0-0 7. d4 Nbd7 8. Nbd2 Nb6 9. Qc2 dxc4 10. Nxc4 Nxc4 11. Qxc4 Nd7 12. b3 Bf6 13. Bb2 Nb6 14. Qc2 Re8 15. e4 g6 16. Rfe1 Bg7 17. Rad1 f5 18. h4 Bd7 19. Ne5 Qc7 20. a4 a5 21. h5 g5 22. Qc5 Bc8 23. exf5 exf5 24. Nf3 Be6 25. Nxg5 Bd5 26. Bxd5+ Nxd5 27. Ne6 Qd7 28. Nxg7 Qxg7 29. Qc2 f4 30. Kh2 fxg3+ 31. fxg3 Ne3 32. Rxe3 Rxe3 33. d5 Qe7 34. Rd2 Re8 35. Bd4 Re2+ 36. Bf2 cxd5 37. Qd3 Rxd2 38. Qxd2 Qe4 39. Qg5+ Kf7 40. h6 Qe5 41. Qg4 Qf6 42. Qd7+ Re7 43. Qxd5+ Qe6 44. Qf3+ Qf6 45. Qh5+ Qg6 46. Qd5+ Kf8 47. Bc5 Qxh6+ 48. Kg2 Qc6 49. Qxc6 bxc6 50. b4 axb4 51. a5 Ke8 52. Bxe7 Kxe7 53. a6 b3 54. a7 b2 55. a8Q b1Q 56. Qxc6 Qb2+ 57. Kh3 Qf6 58. Qc7+ Kf8 59. Qxh7 Qe6+ 60. g4 Qe3+ 61. Kh4 Qf2+ 62. Kg5 Qc5+ 63. Kh4 Qf2+ 64. Kh5 Qh2+ 65. Kg6 Qd6+ 66. Kg5 Qd5+ 67. Kf4 Qd4+ 68. Kf3 Qc3+ 69. Kg2 Qd2+ 70. Kg3 Qe3+ 71. Kh4 Qf2+ 1/2-1/2

[Event "PNWCC Online Blitz JP 24"]
[Site "Chess.com INT"]
[Date "2021.06.13"]
[Round "2"]
[White "Su, Kevin"]
[Black "Maly, Alexey"]
[Result "0-1"]
[WhiteElo "1776"]
[BlackElo "2370"]
[PlyCount "38"]
[EventDate "2021.06.13"]
[EventType "swiss (blitz)"]
[EventRounds "12"]
[EventCountry "USA"]
[SourceTitle "CBM 202 Extra"]
[Source "ChessBase"]
[SourceDate "2021.07.31"]
[SourceVersion "1"]
[SourceVersionDate "2021.07.31"]
[SourceQuality "1"]

1. e4 c6 2. d4 d5 3. exd5 cxd5 4. Nf3 Nc6 5. c3 Nf6 6. Bd3 g6 7. 0-0 Bf5 8. Bxf5 gxf5 9. Kh1 e6 10. h3 Bd6 11. Bg5 Rg8 12. Bh4 Rg6 13. Re1 Qc7 14. Ne5 Nxe5 15. Bxf6 Rxf6 16. dxe5 Bxe5 17. Qh5 0-0-0 18. Nd2 Bf4 19. Nf3 Rh6 0-1

[Event "PNWCC Super G60 Mar Gp2"]
[Site "Chess.com INT"]
[Date "2021.03.28"]
[Round "5"]
[White "Ren, Jesse"]
[Black "Su, Kevin"]
[Result "1-0"]
[WhiteElo "1597"]
[BlackElo "1820"]
[PlyCount "161"]
[EventDate "2021.03.27"]
[EventType "swiss (rapid)"]
[EventRounds "6"]
[EventCountry "USA"]
[SourceTitle "CBM 201 Extra"]
[Source "ChessBase"]
[SourceDate "2021.05.31"]
[SourceVersion "1"]
[SourceVersionDate "2021.05.31"]
[SourceQuality "1"]

1. e4 c5 2. Nf3 e6 3. d4 cxd4 4. Nxd4 Nc6 5. Nxc6 bxc6 6. c4 Nf6 7. Bd3 Bb4+ 8. Bd2 Bxd2+ 9. Qxd2 Qc7 10. Nc3 0-0 11. 0-0 Rb8 12. b3 e5 13. Rfd1 d6 14. Rac1 Be6 15. Be2 Rfd8 16. Bf3 Qe7 17. Qe2 h6 18. Rd2 Nh7 19. g3 Ng5 20. Rd3 Bh3 21. Bg2 Bxg2 22. Kxg2 Ne6 23. Qe3 Qf6 24. Rcd1 Nd4 25. R1d2 g5 26. Ne2 c5 27. f3 Kg7 28. Nc3 Qg6 29. Ne2 a5 30. Nxd4 exd4 31. Qe1 Re8 32. Re2 Ra8 33. Rdd2 Re7 34. Rd1 f6 35. Qd2 Qe8 36. Rde1 Qc6 37. Rb1 Rae8 38. Qxa5 f5 39. Qb5 Qxb5 40. cxb5 fxe4 41. fxe4 Rxe4 42. Rxe4 Rxe4 43. a4 Re7 44. b6 Rb7 45. a5 d3 46. Kf2 Kf6 47. Ra1 Ke5 48. a6 Rxb6 49. a7 Rxb3 50. a8Q Kd4 51. Qh8+ Kc4 52. Qg8+ Kb4 53. Qd5 c4 54. Qxd6+ Kc3 55. Ke3 Kc2 56. Qd4 d2+ 57. Ke2 c3 58. Qd3+ Kb2 59. Rb1+ Ka2 60. Rxb3 Kxb3 61. Kd1 h5 62. Qc2+ Kc4 63. Ke2 Kd4 64. Qd3+ Ke5 65. Qxc3+ Kf5 66. Qxd2 Kg4 67. Qd5 h4 68. gxh4 Kxh4 69. Qg2 g4 70. Qg3+ Kg5 71. h3 Kf6 72. Qxg4 Ke5 73. h4 Kf6 74. h5 Kf7 75. h6 Kf6 76. h7 Ke5 77. h8Q+ Kd5 78. Qhh5+ Kd6 79. Qgg6+ Kd7 80. Qhh7+ Kd8 81. Qgg8# 1-0

[Event "PNWCC Super G60 Feb Gp2"]
[Site "Chess.com INT"]
[Date "2021.02.27"]
[Round "2"]
[White "Katz, Stewart"]
[Black "Su, Kevin"]
[Result "1/2-1/2"]
[WhiteElo "1684"]
[BlackElo "1820"]
[PlyCount "138"]
[EventDate "2021.02.27"]
[EventType "swiss"]
[EventRounds "6"]
[EventCountry "USA"]
[SourceTitle "CBM 200 Extra"]
[Source "ChessBase"]
[SourceDate "2021.03.31"]
[SourceVersion "1"]
[SourceVersionDate "2021.03.31"]
[SourceQuality "1"]

1. e4 c5 2. Nf3 e6 3. Nc3 Nc6 4. Bb5 Nge7 5. 0-0 g6 6. d4 cxd4 7. Nxd4 Bg7 8. Be3 a6 9. Be2 d6 10. Qd2 0-0 11. Rad1 d5 12. exd5 Nxd5 13. Nxd5 Nxd4 14. Bxd4 Qxd5 15. c4 Qxd4 16. Qxd4 Bxd4 17. Rxd4 e5 18. Rd6 Be6 19. Rfd1 Rac8 20. b3 Rfe8 21. Bf3 Rc7 22. Rb6 Ree7 23. Kf1 Kg7 24. Rdd6 h5 25. h4 Bf5 26. Bd5 Bc8 27. Ke2 Bf5 28. Ke3 Bb1 29. a3 Bc2 30. Kd2 Bf5 31. Kc3 Bc8 32. b4 Bf5 33. c5 Bg4 34. Be4 Be6 35. f3 Kh7 36. Bd5 Bxd5 37. Rxd5 e4 38. fxe4 Rxe4 39. Rd4 Re3+ 40. Rd3 Re4 41. g3 Kg7 42. Kb3 Rce7 43. Ka4 f5 44. Ka5 Rg4 45. a4 f4 46. gxf4 Rxh4 47. Rg3 Rg4 48. Rxg4 hxg4 49. Rd6 Rf7 50. b5 axb5 51. axb5 Kh6 52. Kb6 Kh5 53. c6 bxc6 54. bxc6 g3 55. c7 Rxc7 56. Kxc7 g2 57. Rd1 Kg4 58. Rg1 Kf3 59. Kd6 Kf2 60. Ra1 g1Q 61. Rxg1 Kxg1 62. Ke5 Kg2 63. Kf6 Kf3 64. Kg5 Ke4 65. Kg4 Ke3 66. Kg3 Ke4 67. Kg4 Ke3 68. Kg5 Kf3 69. Kxg6 Kxf4 1/2-1/2

[Event "PNWCC Super G60 Feb Gp2"]
[Site "Chess.com INT"]
[Date "2021.02.27"]
[Round "3"]
[White "Su, Kevin"]
[Black "Li, Thomas"]
[Result "1/2-1/2"]
[WhiteElo "1820"]
[BlackElo "1822"]
[PlyCount "62"]
[EventDate "2021.02.27"]
[EventType "swiss"]
[EventRounds "6"]
[EventCountry "USA"]
[SourceTitle "CBM 200 Extra"]
[Source "ChessBase"]
[SourceDate "2021.03.31"]
[SourceVersion "1"]
[SourceVersionDate "2021.03.31"]
[SourceQuality "1"]

1. e4 c5 2. Nf3 d6 3. d4 cxd4 4. Nxd4 Nf6 5. Nc3 a6 6. h3 e5 7. Nde2 Be7 8. g4 Be6 9. Bg2 0-0 10. Be3 Nbd7 11. 0-0 Rc8 12. a4 Re8 13. b3 Nf8 14. Nd5 Bxd5 15. exd5 Ng6 16. c4 h5 17. Ng3 hxg4 18. hxg4 Nh4 19. Bh1 Qd7 20. f3 Nh7 21. Qd2 f5 22. gxf5 Nxf5 23. Nxf5 Qxf5 24. f4 e4 25. Rae1 Nf6 26. Qg2 Bd8 27. Bd4 b5 28. axb5 axb5 29. Qg5 Qd7 30. cxb5 Rc2 31. Qg6 Qf7 1/2-1/2

[Event "PNWCC Super G60 Jan Gp2"]
[Site "Chess.com INT"]
[Date "2021.01.16"]
[Round "3"]
[White "Su, Kevin"]
[Black "Ren, Jesse"]
[Result "0-1"]
[WhiteElo "1820"]
[BlackElo "1597"]
[PlyCount "148"]
[EventDate "2021.01.16"]
[EventType "swiss"]
[EventRounds "6"]
[EventCountry "USA"]
[SourceTitle "CBM 200 Extra"]
[Source "ChessBase"]
[SourceDate "2021.03.31"]
[SourceVersion "1"]
[SourceVersionDate "2021.03.31"]
[SourceQuality "1"]

1. e4 c6 2. d4 d5 3. e5 c5 4. dxc5 Nc6 5. f4 e6 6. Be3 d4 7. Bf2 Bxc5 8. Nd2 Nge7 9. Ne4 Bb4+ 10. c3 dxc3 11. bxc3 Qd5 12. Qc2 Ba3 13. Rd1 Qa5 14. Nf3 b6 15. Bc4 Ba6 16. Qd3 Bxc4 17. Qxc4 0-0 18. 0-0 Rac8 19. Qd3 Nd5 20. Nfg5 h6 21. c4 Ncb4 22. Qb1 Rxc4 23. Nd6 Rc2 24. Nc4 Qa6 25. Rxd5 exd5 26. Ne3 hxg5 27. Nxc2 Nxc2 28. Qxc2 gxf4 29. Qf5 Bc5 30. Qxf4 Bxf2+ 31. Rxf2 Qc4 32. Qf5 Qe4 33. Qh5 d4 34. g3 d3 35. Qg5 Re8 36. Qf4 Qxf4 37. gxf4 Kf8 38. Rd2 Rd8 39. Kf2 Ke7 40. Ke3 Ke6 41. Ke4 g6 42. h3 f6 43. exf6 Kxf6 44. a4 a6 45. Ke3 Kf5 46. Kf3 b5 47. axb5 axb5 48. Ke3 b4 49. Kf3 b3 50. Ke3 Rd6 51. h4 Rd5 52. Rg2 d2 53. Rg5+ Ke6 54. Rxd5 Kxd5 55. Kxd2 Ke4 56. Kc3 Kxf4 57. Kxb3 Kg4 58. Kc2 Kxh4 59. Kd2 Kh3 60. Ke2 g5 61. Kf2 g4 62. Kf1 Kh2 63. Kf2 g3+ 64. Kf3 g2 65. Kg4 g1Q+ 66. Kh4 Qg3+ 67. Kh5 Kh3 68. Kh6 Qg4 69. Kh7 Kh4 70. Kh8 Qg5 71. Kh7 Kh5 72. Kh8 Qe7 73. Kg8 Kg6 74. Kh8 Qg7# 0-1